000
00306nam a22001457a 4500
005
20160527151040.0
008
160527b xxu||||| |||| 00| 0 eng d
041
_a
eng
082
_b
5570
245
_a
Financial Management
260
_b
UPH
300
_a
1.194
650
_a
Management
_9
241
942
_c
BK
999
_c
1986
_d
1985